KOHA-Header-6

Tales From The Arabian Nights (Record no. 6588)

000 -LEADER
fixed length control field 00268nam a2200109Ia 4500
100 ## - MAIN ENTRY--AUTHOR NAME
Personal name David Foulds
245 #0 - TITLE STATEMENT
Title Tales From The Arabian Nights
260 ## - PUBLICATION, DISTRIBUTION, ETC. (IMPRINT)
Place of publication Canada
Name of publisher Tata McGraw Hill
Year of publication 2005
300 ## - PHYSICAL DESCRIPTION
Number of Pages 64
942 ## - ADDED ENTRY ELEMENTS (KOHA)
Koha item type Books
Holdings
Withdrawn status Lost status Collection code Permanent Location Current Location Shelving location Date acquired Full call number Accession Number Koha item type
      MAJU MAJU Shelf No.A23 2019-09-07 004.2 5598 English Literature

Powered by Koha